000 01294cam a22003857a 4500
003 CHAP
005 20220329141110.0
008 971013d1996 mx a r 00010 spa d
010 _a62553
011 _a63525
035 _a67701
040 _cCHAP
082 _a539.7
_bC4
100 0 0 _aChimal, Carlos.
_922544
245 1 3 _aLa escalera del universo
260 _aMéxico, D.F. :
_bConsejo Nacional para la Cultura y las Artes,
_c1996.
300 _a143 p. :
_bilus.
410 2 1 _aConsejo Nacional para la Cultura y las Artes
490 0 _aViaje al centro de la ciencia
590 _aBATCH-UPD
_b10
_c20130110
_lUCH01
_h0256
590 _aBATCH-UPD
_b10
_c20130110
_lUCH01
_h1905
590 _aBATCH-UPD
_b10
_c20130409
_lUCH01
_h2327
590 _aBATCH-UPD
_b10
_c20130410
_lUCH01
_h1421
590 _aBATCH-UPD
_b10
_c20130913
_lUCH01
_h1858
590 _aCONVERSION
_b10
_c20130109
_lUCH01
_h1334
650 1 4 _aAceleradores atómicos.
_9469
650 1 4 _aCosmología.
_928452
650 1 4 _aFísica nuclear.
_941999
810 0 0 _aConsejo Nacional para la Cultura y las Artes
_927327
830 0 _aViaje al centro de la ciencia
_9119035
901 _aBK
905 _aMayto Villalobos S.
942 _cLIBRO
949 _a539.7 C4
_bBC
_cLIBRO
_d33724000634226
_eLIBRO
_gI.c/e
_h91908
_i67701
_si
999 _c62553
_d62553